000 00984nam a2200289 4500
003 EC-UNACH
005 20240404113157.0
006 s||||gr|||| 00| 00
008 150116t9999 mx r gr 000 0 spa d
040 _aEC-UNACH
_cEC-UNACH
041 _aspa
082 0 4 _223
_a796.07
_bL016250
100 _aSegovia Baus, Fausto
245 _aManual de cultura física nivel pre-primario
_cSegovia Baus, Fausto
250 _aPrimera edición
264 _aQuito Ecuador
_bPAPIM
_c1995
300 _a144 páginas
_bImágenes, Tablas
_c21 centimetros
501 _aIncluye: Contenido, Introducción
505 _aMarco teórico.-- Bloques temáticos.-- Proyecciones de la cultura física.-- Contenidos para los bloques temáticos.-- Recomendaciones metodológicas.
650 _aMovimientos
650 _aJuegos
650 _aFiestas
942 _2ddc
_c1
999 _c12590